| 000 | 00765nam a2200217Ia 4500 | ||
|---|---|---|---|
| 008 | 240729s9999 xx 000 0 und d | ||
| 022 | _a2717-0322 | ||
| 245 | 0 | _aJournal of Modern Processes in Manufacturing and Production | |
| 260 | _aIran, Islamic Republic of | ||
| 260 | _bNajafabad Branch, Islamic Azad University | ||
| 650 | _a Industrial engineering. Management engineering | ||
| 650 | _a Industries. Land use. Labor | ||
| 650 | _a Manufacturing industries | Technology | ||
| 650 | _a Production capacity. Manufacturing capacity | ||
| 650 | _a Special industries and trades | ||
| 650 | _a Technology (General) | ||
| 650 | _aSocial Sciences | ||
| 856 | _uhttps://doaj.org/toc/7c1cfc5eb4ad4a489eabeaad62cbebd1 | ||
| 942 | _2ddc | ||
| 942 | _cDOAJEJ | ||
| 999 |
_c74542 _d74542 |
||
| 945 |
_a1 _bMadushi Gamage _c1 _dMadushi Gamage |
||